000 00880nam a2200181Ia 4500
008 151202s9999||||xx |||||||||||||| ||und||
082 _bPNVM-42728
100 _aसाळवी दिलीप.
245 _aडायनॉसार आपल्याकडे एकच पृथ्वी आहे आणि इतर एकांकिका.
260 _bअनुबंा प्रकाशन पुणे.
260 _c1999
300 _a48
600 _aसाळवी दिलीप.
630 _aडायनॉसार आपल्याकडे एकच पृथ्वी आहे आणि इतर एकांकिका.
700 _aसाळवी दिलीप.
730 _aडायनॉसार आपल्याकडे एकच पृथ्वी आहे आणि इतर एकांकिका.
942 _cBOOK
999 _c1308680
_d1308677